| 000 | 00596nam a2200241Ia 4500 | ||
|---|---|---|---|
| 003 | OSt | ||
| 005 | 20221005122958.0 | ||
| 006 | a|||||r|||| 00| 0 | ||
| 007 | ta | ||
| 008 | 221004b |||||||| |||| 00| 0 eng d | ||
| 024 | _a40624 | ||
| 037 | _cTextual | ||
| 040 |
_aCRL _cCRL _beng |
||
| 041 |
_2eng _aeng |
||
| 082 | _aO:1L95w, B7 | ||
| 100 | _aColvin Sidney | ||
| 245 | 0 | _aKeats | |
| 260 | _c1817 | ||
| 490 | _aEnglish men of letters ed by John Morley | ||
| 650 | _aENGLISH LITERATURE | ||
| 942 |
_hO:1L95w, B7 _cTEXL _2cc |
||
| 999 |
_c1045981 _d1045981 |
||